Laboratories : (Record no. 18639)

000 -LEADER
fixed length control field 00504cam a22001814a 4500
020 ## - INTERNATIONAL STANDARD BOOK NUMBER
ISBN 0393730581
040 ## - CATALOGING SOURCE
Transcribing agency DLC
082 00 - DEWEY DECIMAL CLASSIFICATION NUMBER
Classification number 727 NOR 2000 C149 Or.
100 1# - MAIN ENTRY--AUTHOR NAME
Personal name Dahan, Fernand
245 10 - TITLE STATEMENT
Title Laboratories :
Remainder of title a guide to master planning, programming, procurement, and design /
250 ## - EDITION STATEMENT
Edition statement 1st ed
260 ## - PUBLICATION, DISTRIBUTION, ETC. (IMPRINT)
Place of publication New York :
Name of publisher Norton,
Year of publication c2000
300 ## - PHYSICAL DESCRIPTION
Number of Pages 298 p. :
Other physical details ill. ;
Dimensions 26 cm
500 ## - GENERAL NOTE
General note "A Norton professional book."
500 ## - GENERAL NOTE
General note Includes index
650 #0 - SUBJECT ADDED ENTRY--TOPICAL TERM
Topical Term Laboratories
942 ## - ADDED ENTRY ELEMENTS (KOHA)
Koha item type ADB
952 ## - LOCATION AND ITEM INFORMATION (KOHA)
Withdrawn status [LOCAL, KOHA] 0
Holdings
Source of acquisition Permanent Location Date acquired Koha item type Lost status Shelving location Current Location Full call number
A36754Library Block C2019-12-30សៀវភៅភាសាអង់គ្លេស C149Library Block C727 NOR 2000 C149 Or.
មជ្ឈមណ្ឌលឯការនៃសាកលវិទ្យាល័យភូមិន្ទកសិកម្មចំការដូង

Powered by Koha